000 00398nam a2200121Ia 4500
008 220615s9999||||xx |||||||||||||| ||und||
100 _aWhiting, Allen S.
245 0 _aChinese Domestic Politics and Foreign Policy in the 1970s
546 _aEnglish[eng]
650 _aSociology and anthropology
856 _uhttps://library.oapen.org/bitstream/20.500.12657/41833/1/9780472901814.pdf
942 _cEB
999 _c16140
_d16140